Eerste Vijf Landen Alfabetisch per Continent - Statistieken

Algemene statistieken
  • Deze quiz is 3.470 keer genomen
  • De gemiddelde score is 19 van 30
Antwoordstatistieken
Continent Land % Correct
Europa België
89%
Oceanië Australië
88%
Europa Andorra
86%
Europa Albanië
85%
Zuid-Amerika Argentinië
83%
Zuid-Amerika Brazilië
81%
Afrika Algerije
76%
Zuid-Amerika Bolivia
76%
Zuid-Amerika Colombia
72%
Azië Armenië
71%
Afrika Angola
70%
Zuid-Amerika Chili
70%
Azië Azerbeidzjan
68%
Noord-Amerika Canada
67%
Noord-Amerika Antigua en Barbuda
65%
Noord-Amerika Barbados
62%
Oceanië Fiji
62%
Azië Afghanistan
60%
Noord-Amerika Belize
60%
Europa Belarus
57%
Noord-Amerika Bahama's
55%
Afrika Benin
52%
Afrika Botswana
52%
Europa Bosnië en Herzegovina
50%
Oceanië Marshalleilanden
47%
Oceanië Micronesia
47%
Oceanië Kiribati
45%
Azië Bahrein
44%
Azië Bangladesh
43%
Afrika Burkina Faso
38%
Geen overeenkomende quizzen gevonden
Scoreverdeling
Procent van Mensen met Elke Score
Percentiel versus Aantal Correcte Antwoorden
Uw Scoregeschiedenis
U heeft deze quiz nog niet genomen